Camino de perfección: pasión mística
Saved in:
| Hovedforfatter: | |
|---|---|
| Format: | Bog |
| Sprog: | spansk |
| Udgivet: |
Santiago
Universitaria
1972
|
| Udgivelse: | 4a. ed |
| Serier: | Colección Escritores de Otra Orilla, 1
|
| Fag: | |
| Tags: |
Tilføj Tag
Ingen Tags, Vær først til at tagge denne postø!
|
MARC
| LEADER | 00000cam a2200000 a 4500 | ||
|---|---|---|---|
| 001 | UCF5785 | ||
| 003 | CL-VaPUC | ||
| 005 | 20231116095617.0 | ||
| 008 | 130322e19720000CL |||||||||||||||||spa|d | ||
| 999 | |c 351190 |d 351188 | ||
| 040 | |c Pontificia Universidad Católica de Valparaíso | ||
| 082 | 0 | 4 | |a 863 |b BAR |2 21 |
| 100 | 0 | |a Baroja, Pío |e author |9 322211 | |
| 245 | 1 | 0 | |a Camino de perfección: pasión mística |
| 250 | |a 4a. ed | ||
| 260 | |a Santiago |b Universitaria |c 1972 | ||
| 300 | |a 173 p | ||
| 490 | 0 | |a Colección Escritores de Otra Orilla, 1 | |
| 583 | |a last modification |c 20130322 12:27:00 |k Rodrigo Vera | ||
| 650 | 0 | |a Novelas españolas |9 265052 |x Ficción | |
| 942 | |c BK |2 ddc | ||
| 945 | |d 20130322 00:00:00 |a dcastane | ||
| 952 | |0 0 |1 0 |4 0 |6 863_000000000000000_BAR_1972 |7 0 |8 R |9 455159 |a BIBEDU |b BIBEDU |c MCIRC |d 2019-11-22 |i 4957032 |o 863 BAR 1972 |p 4957032 |r 2023-01-13 |w 2019-11-22 |y BK_R |k LIT | ||